Die Sprache der königlichen Stelen der 18. Dynastie bis einschließlich Amenophis III. /

محفوظ في:

المؤلف الرئيسي: Brose, Marc (مؤلف)

التنسيق: كتاب

اللغة: German
Ancient Egyptian

منشور في: Hamburg : Widmaier Verlag, 2023.

سلاسل: Lingua aegyptia. Studia monographica, 28.
LingAeg.SM ; 28.

الموضوعات:

الوسوم: إضافة وسم

لا توجد وسوم, كن أول من يضع وسما على هذه التسجيلة!

رقم الطلب: PJ1001 .L57 v.28

LEADER 01196nam a22003377a 4500
003 OSt
005 20260201133904.0
008 010226t2023 gw b 001 0 ger d
020 |a 9783943955286  |q (hardbound) 
020 |a 3943955281  |q (hardbound) 
040 |c ARCE Library 
041 1 |a ger  |a egy  |h egy 
043 |a f-ua--- 
050 1 4 |a PJ1001  |b .L57 v.28 
100 1 |a Brose, Marc,  |e author 
245 1 4 |a Die Sprache der königlichen Stelen der 18. Dynastie bis einschließlich Amenophis III. /   |c Marc Brose. 
264 1 |a Hamburg :  |b Widmaier Verlag,  |c 2023. 
300 |a xvi, 701 pages ;  |c 25 cm. 
336 |2 rdacontent  |a text  |b txt 
337 |2 rdamedia  |a unmediated  |b n 
338 |2 rdacarrier  |a volume  |b n 
490 0 |a Lingua aegyptia. Studia monographica,   |x 0946-8641 ;   |v 28. 
490 0 |a LingAeg.SM ;   |v 28. 
504 |a Includes bibliographical references (pages 631-647) and index. 
546 |a German, contains texts in hieroglyphic and romanized Egyptian with German translation. 
650 0 |a Stele (Archaeology)  |z Egypt. 
650 0 |a Egyptian language  |x Writing, Hieroglyphic. 
651 0 |a Egypt  |x Antiquities. 
901 |a reviewed 
942 |2 lcc  |c BK 
999 |c 55634  |d 55634